{"text_format":"3","workbook":"xlsx","n_sheets":2,"sheets":["SUMMARY","MATERIAL TAKE-OFF"],"not_rendered":{"charts":1,"images":2,"defined_names":3},"read":"whole","date_system":"1900"}

{"sheet":"SUMMARY","index":0,"n_rows":18,"n_cols":4,"rows_kept":18,"merged":[[12,0,12,1],[13,0,13,3],[17,0,17,1]]}
[]
["Project ID:"]
[]
["Address:"]
[]
["No. of Floors:",1]
[]
["Building GSF",2500]
[]
["DIVISION NO.","DESCRIPTION","TOTAL DIV. COST","TOTAL DIV. COST (PER SF)"]
[1000,"General Requirements",{"$f":"'MATERIAL TAKE-OFF'!P19","v":{"v":1221.3611191144998,"d":"$1,221"}},{"$f":"C11/$B$8","v":{"v":0.48854444764579996,"d":"$0.49"}}]
[2000,"Demolition/Site Work",{"$f":"'MATERIAL TAKE-OFF'!P40","v":{"v":10324.269815,"d":"$10,324"}},{"$f":"C12/$B$8","v":{"v":4.129707926,"d":"$4.13"}}]
["PROJECTED COST",null,{"$f":"SUM(C11:C12)","v":{"v":11545.630934114499,"d":"$11,546"}},{"$f":"SUM(D11:D12)","v":{"v":4.6182523736458,"d":"$5"}}]
[]
["OVERHEAD AND PROFIT",{"v":0.2,"d":"20%"},{"$f":"$C$13*B15","v":{"v":2309.1261868229,"d":"$2,309"}},{"$f":"$D$13*B15","v":{"v":0.92365047472916,"d":"$1"}}]
["INSURANCE",{"v":0.03,"d":"3%"},{"$f":"$C$13*B16","v":{"v":346.36892802343493,"d":"$346"}},{"$f":"$D$13*B16","v":{"v":0.13854757120937397,"d":"$0"}}]
["CONTINGENCY",{"v":0.05,"d":"5%"},{"$f":"$C$13*B17","v":{"v":577.281546705725,"d":"$577"}},{"$f":"$D$13*B17","v":{"v":0.23091261868229,"d":"$0"}}]
["SUGGESTED BASE BID",null,{"$f":"SUM(C13:C17)","v":{"v":14778.407595666558,"d":"$14,778"}},{"$f":"SUM(D13:D17)","v":{"v":5.911363038266624,"d":"$6"}}]

{"sheet":"MATERIAL TAKE-OFF","index":1,"n_rows":58,"n_cols":17,"rows_kept":58,"merged":[[2,10,2,11],[2,12,2,13],[3,10,3,11],[3,12,3,13],[4,10,4,11],[4,12,4,13],[5,10,5,11],[5,12,5,13],[6,10,6,11],[6,12,6,13],[7,10,7,11],[7,12,7,13],[10,1,10,14],[20,1,20,14],[22,1,38,1],[40,0,40,12],[41,0,41,13],[42,0,42,13],[43,0,43,13],[44,0,44,13],[45,0,45,12],[47,1,47,14]]}
[]
[]
["Project: "]
[]
["Address:"]
[]
["Scope:","DEMOLITION"]
[]
["Date:"]
["SR #","REF","DESCRIPTION","QUANTITY","UNIT","WASTAGE","QUANTITY W/ WASTAGE","LABOR HOURS","WAGES","TOTAL LABOR  HOUR","TOTAL LABOUR COST","MATERIAL RATE","TOTAL MATETRIAL COST","EQUIPMENT RATE","TOTAL EQUIPMENT COSTS","SUB COST"]
[null,"01. GENERAL REQUIREMENTS"]
[1,null,"Supervision and Coordination",1,"LS",{"v":0,"d":"0%"},{"$f":"(F12*D12)+D12","v":{"v":1,"d":"1.00"}},{"$f":"2.5%*$Q$12/I12","v":{"v":3.0668577159577,"d":"3.067"}},{"v":84.16,"d":"$84.16"},{"$f":"H12*G12","v":{"v":3.0668577159577,"d":"3.07"}},{"$f":"I12*J12","v":{"v":258.106745375,"d":"$258.11"}},{"v":0,"d":"$0.00"},{"$f":"L12*G12","v":{"v":0,"d":"$0.00"}},{"v":0,"d":"$0.00"},{"$f":"N12*G12","v":{"v":0,"d":"$0.00"}},{"$f":"IF(D12=\"\",\"\",(K12+M12+O12))","v":{"v":258.106745375,"d":"$258.11"}},{"$f":"SUM(P22:P40)/2","v":{"v":10324.269815,"d":"$10,324.27"}}]
[{"$f":"A12+1","v":2},null,"Submittals and Shop drawings",1,"LS",{"v":0,"d":"0%"},{"v":1,"d":"1.00"},{"$f":"1.65%*$Q$12/I13","v":{"v":2.024126092532082,"d":"2.024"}},{"v":84.16,"d":"$84.16"},{"v":2.024126092532082,"d":"2.02"},{"v":170.3504519475,"d":"$170.35"},{"v":0,"d":"$0.00"},{"v":0,"d":"$0.00"},{"v":0,"d":"$0.00"},{"v":0,"d":"$0.00"},{"v":170.3504519475,"d":"$170.35"}]
[3,null,"Final Cleaning",1,"LS",{"v":0,"d":"0%"},{"v":1,"d":"1.00"},{"$f":"0.85%*$Q$12/I14","v":{"v":1.0427316234256179,"d":"1.043"}},{"v":84.16,"d":"$84.16"},{"v":1.0427316234256179,"d":"1.04"},{"v":87.7562934275,"d":"$87.76"},{"v":0,"d":"$0.00"},{"v":0,"d":"$0.00"},{"v":0,"d":"$0.00"},{"v":0,"d":"$0.00"},{"v":87.7562934275,"d":"$87.76"}]
[4,null,"Mobilization Costs",1,"LS",{"v":0,"d":"0%"},{"v":1,"d":"1.00"},{"$f":"2.35%*$Q$12/I15","v":{"v":2.882846253000238,"d":"2.883"}},{"v":84.16,"d":"$84.16"},{"v":2.882846253000238,"d":"2.88"},{"v":242.6203406525,"d":"$242.62"},{"v":0,"d":"$0.00"},{"v":0,"d":"$0.00"},{"v":0,"d":"$0.00"},{"v":0,"d":"$0.00"},{"v":242.6203406525,"d":"$242.62"}]
[5,null,"Bond @ 2%",1,"LS",{"v":0,"d":"0%"},{"v":1,"d":"1.00"},{"$f":"2%*$Q$12/I16","v":{"v":2.45348617276616,"d":"2.453"}},{"v":84.16,"d":"$84.16"},{"v":2.45348617276616,"d":"2.45"},{"v":206.48539630000002,"d":"$206.49"},{"v":0,"d":"$0.00"},{"v":0,"d":"$0.00"},{"v":0,"d":"$0.00"},{"v":0,"d":"$0.00"},{"v":206.48539630000002,"d":"$206.49"}]
[6,null,"Temporary Control & Facilities",1,"LS",{"v":0,"d":"0%"},{"v":1,"d":"1.00"},{"$f":"0.98%*$Q$12/I17","v":{"v":1.2022082246554182,"d":"1.202"}},{"v":84.16,"d":"$84.16"},{"v":1.2022082246554182,"d":"1.20"},{"v":101.17784418699999,"d":"$101.18"},{"v":0,"d":"$0.00"},{"v":0,"d":"$0.00"},{"v":0,"d":"$0.00"},{"v":0,"d":"$0.00"},{"v":101.17784418699999,"d":"$101.18"}]
[7,null,"Scaffolding",1,"LS",{"v":0,"d":"0%"},{"v":1,"d":"1.00"},{"$f":"1.5%*$Q$12/I18","v":{"v":1.8401146295746196,"d":"1.84"}},{"v":84.16,"d":"$84.16"},{"v":1.8401146295746196,"d":"1.84"},{"v":154.86404722499998,"d":"$154.86"},{"v":0,"d":"$0.00"},{"v":0,"d":"$0.00"},{"v":0,"d":"$0.00"},{"v":0,"d":"$0.00"},{"v":154.86404722499998,"d":"$154.86"}]
[{"$f":"IF(E19=0,\"\",1+MAX(#REF!))","v":""},{"$nulls":13},"SUBTOTAL",{"$f":"SUM(P12:P18)","v":{"v":1221.3611191144998,"d":"$1,221.36"}}]
[{"$f":"IF(E20=0,\"\",1+MAX(A19:A19))","v":""}]
[{"$f":"IF(E21=0,\"\",1+MAX(A19:A20))","v":""},"02. EXISTING CONDITIONS/SITE WORK"]
[{"$f":"IF(E22=0,\"\",1+MAX(A19:A21))","v":""},null,"Architecrural Demolition"]
[{"$f":"IF(D23=0,\"\",1+MAX(A$19:A22))","v":1},"D1.0","Remove Existing Door w/ Frame",{"v":3,"d":"3.00"},"EA",{"v":0,"d":"0%"},{"$f":"(F23*D23)+D23","v":{"v":3,"d":"3.00"}},{"v":1.982,"d":"1.98"},{"v":34.9,"d":"$34.90"},{"$f":"H23*G23","v":{"v":5.946,"d":"5.95"}},{"$f":"I23*J23","v":{"v":207.51539999999997,"d":"$207.52"}},null,{"$f":"L23*G23","v":{"v":0,"d":"$0.00"}},{"v":0,"d":"$0.00"},{"$f":"N23*G23","v":{"v":0,"d":"$0.00"}},{"$f":"IF(D23=\"\",\"\",(K23+M23+O23))","v":{"v":207.51539999999997,"d":"$207.52"}}]
[{"$f":"IF(D24=0,\"\",1+MAX(A$19:A23))","v":2},null,"Remove Existing Hollow Metal Barn Door w/ Hardware",{"v":2,"d":"2.00"},"EA",{"v":0,"d":"0%"},{"v":2,"d":"2.00"},{"v":2.367,"d":"2.37"},{"v":34.9,"d":"$34.90"},{"v":4.734,"d":"4.73"},{"v":165.2166,"d":"$165.22"},null,{"v":0,"d":"$0.00"},{"v":0,"d":"$0.00"},{"v":0,"d":"$0.00"},{"v":165.2166,"d":"$165.22"}]
[{"$f":"IF(D25=0,\"\",1+MAX(A$19:A24))","v":3},null,"Remove Existing Window",{"v":3,"d":"3.00"},"EA",{"v":0,"d":"0%"},{"v":3,"d":"3.00"},{"v":2.214,"d":"2.21"},{"v":34.9,"d":"$34.90"},{"v":6.6419999999999995,"d":"6.64"},{"v":231.80579999999998,"d":"$231.81"},null,{"v":0,"d":"$0.00"},{"v":0,"d":"$0.00"},{"v":0,"d":"$0.00"},{"v":231.80579999999998,"d":"$231.81"}]
[{"$f":"IF(D26=0,\"\",1+MAX(A$19:A25))","v":4},null,"Remove Existing Overhead Door",{"v":2,"d":"2.00"},"EA",{"v":0,"d":"0%"},{"v":2,"d":"2.00"},{"v":4.872,"d":"4.87"},{"v":34.9,"d":"$34.90"},{"v":9.744,"d":"9.74"},{"v":340.06559999999996,"d":"$340.07"},null,{"v":0,"d":"$0.00"},{"v":0,"d":"$0.00"},{"v":0,"d":"$0.00"},{"v":340.06559999999996,"d":"$340.07"}]
[{"$f":"IF(D27=0,\"\",1+MAX(A$19:A26))","v":5},null,"Saw cut Concrete Slab",113.74,"LF",{"v":0,"d":"0%"},113.74,{"v":0.255,"d":"0.26"},{"v":34.9,"d":"$34.90"},{"v":29.0037,"d":"29.00"},{"v":1012.2291299999999,"d":"$1,012.23"},null,{"v":0,"d":"$0.00"},{"v":0,"d":"$0.00"},{"v":0,"d":"$0.00"},{"v":1012.2291299999999,"d":"$1,012.23"}]
[{"$f":"IF(D28=0,\"\",1+MAX(A$19:A27))","v":6},null,"Remove CMU Wall ",453.09,"SF",{"v":0,"d":"0%"},453.09,{"v":0.078,"d":"0.08"},{"v":34.9,"d":"$34.90"},{"v":35.34102,"d":"35.34"},{"v":1233.401598,"d":"$1,233.40"},null,{"v":0,"d":"$0.00"},{"v":0,"d":"$0.00"},{"v":0,"d":"$0.00"},{"v":1233.401598,"d":"$1,233.40"}]
[{"$f":"IF(D29=0,\"\",1+MAX(A$19:A28))","v":7},null,"Remove Existing Roof Overhang",264.25,"SF",{"v":0,"d":"0%"},264.25,{"v":0.105,"d":"0.11"},{"v":34.9,"d":"$34.90"},{"v":27.74625,"d":"27.75"},{"v":968.344125,"d":"$968.34"},null,{"v":0,"d":"$0.00"},{"v":0,"d":"$0.00"},{"v":0,"d":"$0.00"},{"v":968.344125,"d":"$968.34"}]
[{"$f":"IF(D30=0,\"\",1+MAX(A$19:A29))","v":8},null,"Remove Existing Concrete Slab ",221.62,"SF",{"v":0,"d":"0%"},221.62,{"v":0.044,"d":"0.04"},{"v":34.9,"d":"$34.90"},{"v":9.75128,"d":"9.75"},{"v":340.31967199999997,"d":"$340.32"},null,{"v":0,"d":"$0.00"},{"v":0,"d":"$0.00"},{"v":0,"d":"$0.00"},{"v":340.31967199999997,"d":"$340.32"}]
[{"$f":"IF(D31=0,\"\",1+MAX(A$19:A30))","v":9},null,"Remove Existing Roof Membrane ",{"v":1227.63,"d":"1,227.63"},"SF",{"v":0,"d":"0%"},1227.63,{"v":0.036,"d":"0.04"},{"v":34.9,"d":"$34.90"},{"v":44.19468,"d":"44.19"},{"v":1542.3943319999998,"d":"$1,542.39"},null,{"v":0,"d":"$0.00"},{"v":0,"d":"$0.00"},{"v":0,"d":"$0.00"},{"v":1542.3943319999998,"d":"$1,542.39"}]
[{"$f":"IF(D32=0,\"\",1+MAX(A$19:A31))","v":10},null,"Remove Existing Ceiling ",{"v":1227.63,"d":"1,227.63"},"SF",{"v":0,"d":"0%"},1227.63,0.04,{"v":34.9,"d":"$34.90"},{"v":49.1052,"d":"49.11"},{"v":1713.77148,"d":"$1,713.77"},null,{"v":0,"d":"$0.00"},{"v":0,"d":"$0.00"},{"v":0,"d":"$0.00"},{"v":1713.77148,"d":"$1,713.77"}]
[{"$f":"IF(E33=0,\"\",1+MAX(A20:A32))","v":""},null,"MEP Demolition"]
[{"$f":"IF(D34=0,\"\",1+MAX(A$19:A33))","v":11},null,"Remove Existing Site Light Pole",{"v":3,"d":"3.00"},"EA",{"v":0,"d":"0%"},{"$f":"(F34*D34)+D34","v":{"v":3,"d":"3.00"}},{"v":3.986,"d":"3.99"},{"v":34.9,"d":"$34.90"},{"$f":"H34*G34","v":{"v":11.958,"d":"11.96"}},{"$f":"I34*J34","v":{"v":417.3342,"d":"$417.33"}},null,{"$f":"L34*G34","v":{"v":0,"d":"$0.00"}},{"v":0,"d":"$0.00"},{"$f":"N34*G34","v":{"v":0,"d":"$0.00"}},{"$f":"IF(D34=\"\",\"\",(K34+M34+O34))","v":{"v":417.3342,"d":"$417.33"}}]
[{"$f":"IF(D35=0,\"\",1+MAX(A$19:A34))","v":12},null,"Remove Existing Plumbing Fixture",{"v":3,"d":"3.00"},"EA",{"v":0,"d":"0%"},{"$f":"(F35*D35)+D35","v":{"v":3,"d":"3.00"}},{"v":3.714,"d":"3.71"},{"v":34.9,"d":"$34.90"},{"$f":"H35*G35","v":{"v":11.142,"d":"11.14"}},{"$f":"I35*J35","v":{"v":388.8558,"d":"$388.86"}},null,{"$f":"L35*G35","v":{"v":0,"d":"$0.00"}},{"v":0,"d":"$0.00"},{"$f":"N35*G35","v":{"v":0,"d":"$0.00"}},{"$f":"IF(D35=\"\",\"\",(K35+M35+O35))","v":{"v":388.8558,"d":"$388.86"}}]
[{"$f":"IF(E36=0,\"\",1+MAX(A33:A35))","v":""},null,"Site Demolition"]
[{"$f":"IF(D37=0,\"\",1+MAX(A$19:A36))","v":13},null,"Remove Existing Damage Bollards",{"v":2,"d":"2.00"},"EA",{"v":0,"d":"0%"},{"$f":"(F37*D37)+D37","v":{"v":2,"d":"2.00"}},{"v":4.126,"d":"4.13"},{"v":34.9,"d":"$34.90"},{"$f":"H37*G37","v":{"v":8.252,"d":"8.25"}},{"$f":"I37*J37","v":{"v":287.9948,"d":"$287.99"}},null,{"$f":"L37*G37","v":{"v":0,"d":"$0.00"}},{"v":0,"d":"$0.00"},{"$f":"N37*G37","v":{"v":0,"d":"$0.00"}},{"$f":"IF(D37=\"\",\"\",(K37+M37+O37))","v":{"v":287.9948,"d":"$287.99"}}]
[{"$f":"IF(D38=0,\"\",1+MAX(A$19:A37))","v":14},null,"Remove Existing Fence w/ Gate",103.17,"LF",{"v":0,"d":"0%"},{"$f":"(F38*D38)+D38","v":103.17},0.35,{"v":34.9,"d":"$34.90"},{"$f":"H38*G38","v":{"v":36.1095,"d":"36.11"}},{"$f":"I38*J38","v":{"v":1260.2215499999998,"d":"$1,260.22"}},null,{"$f":"L38*G38","v":{"v":0,"d":"$0.00"}},{"v":0,"d":"$0.00"},{"$f":"N38*G38","v":{"v":0,"d":"$0.00"}},{"$f":"IF(D38=\"\",\"\",(K38+M38+O38))","v":{"v":1260.2215499999998,"d":"$1,260.22"}}]
[{"$f":"IF(D39=0,\"\",1+MAX(A$19:A38))","v":15},null,"Remove Existing Concrete Sidewalk",139.88,"SF",{"v":0,"d":"0%"},{"$f":"(F39*D39)+D39","v":139.88},{"v":0.044,"d":"0.04"},{"v":34.9,"d":"$34.90"},{"$f":"H39*G39","v":{"v":6.154719999999999,"d":"6.15"}},{"$f":"I39*J39","v":{"v":214.79972799999996,"d":"$214.80"}},null,{"$f":"L39*G39","v":{"v":0,"d":"$0.00"}},{"v":0,"d":"$0.00"},{"$f":"N39*G39","v":{"v":0,"d":"$0.00"}},{"$f":"IF(D39=\"\",\"\",(K39+M39+O39))","v":{"v":214.79972799999996,"d":"$214.80"}}]
[{"$f":"IF(E40=0,\"\",1+MAX(A34:A39))","v":""},{"$nulls":13},"SUBTOTAL",{"$f":"SUM(P22:P39)","v":{"v":10324.269815,"d":"$10,324.27"}}]
[]
["PROJECTED COST",{"$nulls":14},{"$f":"SUM(P11:P41)/2","v":{"v":11545.630934114499,"d":"$11,546"}}]
["OVERHEAD AND PROFIT",{"$nulls":13},{"v":0.2,"d":"20%"},{"$f":"$P$42*O43","v":{"v":2309.1261868229,"d":"$2,309"}}]
["INSURANCE",{"$nulls":13},{"v":0.03,"d":"3%"},{"$f":"$P$42*O44","v":{"v":346.36892802343493,"d":"$346"}}]
["CONTINGENCY",{"$nulls":13},{"v":0.05,"d":"5%"},{"$f":"$P$42*O45","v":{"v":577.281546705725,"d":"$577"}}]
["SUGGESTED BID",{"$nulls":14},{"$f":"SUM(P42:P45)","v":{"v":14778.407595666558,"d":"$14,778"}}]
["NOTES:"]
[null,"General Notes: The prices used while preparing the estimate were taken from RSMeans online i.e. the standard pricing. So, it is preferred to review the prices."]
[]
[null,null,"Note",{"$nulls":9},"Legend"]
[null,1,"The drawings are scaled as per the mentioned scales on the plans.",{"$nulls":9},"LBS = Pound "]
[{"$nulls":12},"SF= Square Feet"]
[{"$nulls":12},"LF = Linear Feet"]
[{"$nulls":12},"EA = Each"]
[{"$nulls":12},"CY = Cubic Yard"]
[{"$nulls":12},"SY = Square Yard"]
[{"$nulls":12},"LOC = Location"]
[{"$nulls":12},"LS = Lum Sum"]